000 01419nam2a22002531 4500
001 RU\NLR\INFOCOMM20\1000018834
005 20250617112806.0
035 _a(NLR Aleph) 002573891
090 _a3214208
_c3214208
100 _a20040611d1979 |||y0rusy50 ca
101 0 _arus
102 _aRU
105 _ay |||||||||
200 1 _aКомплексный подход в воспитании
_fА.Т. Куракин
210 _d1979
_aБ. м.
461 0 _1001RU\NLR\INFOCOMM20\1000018829
_12001#$aОбзоры по информационному обеспечению общесоюзных научно-педагогических программ$eОбзор. информ.$fАПН СССР, НИИ общ. педагогики АПН СССР. Центр науч. информ. "Шк. и педагогика"$v1979, Вып.5(10)
_93214166
_cМ.
_d1979-
_fАПН СССР, НИИ общ. педагогики АПН СССР. Центр науч. информ. "Шк. и педагогика"
_oОбзор. информ.
_tОбзоры по информационному обеспечению общесоюзных научно-педагогических программ
_x0233-6928
_v1979, Вып.5(10)
700 1 _aКуракин
_bА.Т.
_4070
801 1 _aRU
_bInfoComm
_c20040611
801 0 _aRU
_bNLR
_gPSBO
852 _aNLR
_jП28/1384
942 _cISSUE
980 _aNB
980 _aRUSPER